000 00334nam a22001457a 4500
003 SGT
020 _a0-19-569418-X
082 _a403
_bO08O
100 _aOXFORD
245 _aOXFORD ENGLISH REFERENCE DICTIONARY
260 _aLONDON
_bOXFORD UNIVERSITY PRESS
_c2008
300 _a1765
650 _aHOTEL MANAGEMENT
942 _2ddc
_cBK
999 _c12977
_d12977